| 000 | 01687nam a2200337 a 4500 | ||
|---|---|---|---|
| 001 | ebr10511645 | ||
| 003 | CaPaEBR | ||
| 006 | m u | ||
| 007 | cr cn||||||||| | ||
| 008 | 111212s2012 enk sb 001 0deng d | ||
| 020 | _z9781780490212 | ||
| 020 | _z9781849409384 (e-book) | ||
| 040 |
_aCaPaEBR _cCaPaEBR |
||
| 035 | _a(OCoLC)769189799 | ||
| 050 | 1 | 4 |
_aRJ504.2 _b.A56 2012eb |
| 245 | 0 | 4 |
_aThe Anna Freud tradition _h[electronic resource] : _blines of development - evolution and theory and practice over the decades / _cedited by Norka T. Malberg and Joan Raphael-Leff. |
| 260 |
_aLondon : _bKarnac Books, _c2012. |
||
| 300 | _axxvii, 420 p. | ||
| 490 | 0 | _aLines of development : evolution of theory and practice over the decades | |
| 504 | _aIncludes bibliographical references and indexes. | ||
| 505 | 0 | _apt. 1. Anna Freud : her work and legacy -- pt. 2. Clinical work and applications of Anna Freud's developmental tradition -- pt. 3. Specialized work in the Anna Freudian tradition : past, current, and future -- pt. 4. Personal and theoretical reflections from clinicians trained at the Anna Freud Centre. | |
| 533 |
_aElectronic reproduction. _bPalo Alto, Calif. : _cebrary, _d2011. _nAvailable via World Wide Web. _nAccess may be limited to ebrary affiliated libraries. |
||
| 600 | 1 | 0 |
_aFreud, Anna, _d1895-1982. |
| 650 | 0 | _aChild analysis. | |
| 650 | 0 | _aChild psychoanalysts. | |
| 655 | 7 |
_aElectronic books. _2local |
|
| 700 | 1 | _aMalberg, Norka. | |
| 700 | 1 |
_aRaphael-Leff, Joan, _d1941- |
|
| 710 | 2 | _aebrary, Inc. | |
| 856 | 4 | 0 |
_uhttp://site.ebrary.com/lib/rucke/Doc?id=10511645 _zAn electronic book accessible through the World Wide Web; click to view |
| 999 |
_c222631 _d222631 |
||